000
00299nam a22001337a 4500
082
_a
823
_b
PAI/K
100
_a
PAI, ANANT
245
_a
KAPALA KUNDALA
260
_a
MUMBAI
_b
AMAR CHITHRA KATHA
300
_a
31
520
_a
ENGLISH SHORT STORY
650
_a
ENGLISH SHORT STORY
_z
MUMBAI
942
_c
BK
999
_c
5288
_d
5288